[Event "AUTO-INT-3521"]
[Site "http://www.queenalice.com/game.php?id=1606622"]
[Date "2020.4.8"]
[Round "1"]
[White "Fuz_Berg"]
[Black "Petr"]
[Result "0-1"]
[WhiteElo "1273"]
[BlackElo "1779"]

1. e4 c5 2. Bc4 d6 3. h3 e6 4. d3 a6 5. c3 Nf6 6. Bg5 Be7 7. Bxf6 Bxf6 8. Nf3
O-O 9. g4 b5 10. Bb3 Nc6 11. Nbd2 d5 12. a4 Bb7 13. O-O c4 14. dxc4 dxc4 15.
axb5 axb5 16. Rxa8 Qxa8 17. g5 Be5 18. Bc2 Bf4 19. Nd4 Nxd4 20. cxd4 Bxd2 21.
Qxd2 Bxe4 22. Bd1 Bh1 23. f3 Bxf3 24. Bxf3 Qa7 25. Qb4 Qxd4+ 26. Rf2 Qe5 0-1

[Event "AUTO-INT-3521"]
[Site "http://www.queenalice.com/game.php?id=1606623"]
[Date "2020.4.8"]
[Round "1"]
[White "Petr"]
[Black "Fuz_Berg"]
[Result "1-0"]
[WhiteElo "1777"]
[BlackElo "1275"]

1. e4 e5 2. Nf3 Bc5 3. Bc4 Qf6 4. O-O Nc6 5. d3 h6 6. Nc3 d6 7. Be3 Bxe3 8. fxe3
Bg4 9. Qd2 O-O-O 10. Nd4 Qg5 11. Nxc6 bxc6 12. Ba6+ Kd7 13. Rxf7+ Ke6 14. Raf1
Rd7 15. Qf2 Nf6 16. Bc4+ d5 17. exd5+ Kxf7 18. dxc6+ Ke7 19. cxd7 Kxd7 20. Nd5
Nxd5 21. Bxd5 c6 22. Bb3 Kd8 23. d4 exd4 24. exd4 1-0

[Event "AUTO-INT-3521"]
[Site "http://www.queenalice.com/game.php?id=1606624"]
[Date "2020.4.8"]
[Round "1"]
[White "Fuz_Berg"]
[Black "jw16js"]
[Result "0-1"]
[WhiteElo "1238"]
[BlackElo "1554"]

1. e4 e5 2. Nf3 Bd6 3. c3 Qf6 4. Bc4 g5 5. d4 h6 6. dxe5 Bxe5 7. Qd5 c6 8. Qxe5+
Qxe5 9. Nxe5 Rh7 10. b3 b5 11. Bd3 d6 12. Nf3 Nd7 13. e5 dxe5 14. Bxh7 Ngf6 15.
O-O Nxh7 16. a4 Ba6 17. b4 bxa4 18. Rd1 e4 19. Nd4 Bb5 20. Na3 Nhf6 21. Ndxb5
cxb5 22. Nxb5 Ke7 23. Rxa4 Rb8 24. Nxa7 Kf8 25. Be3 Ng4 26. Bc5+ Ke8 27. Nc6 Rc8
28. Rd6 Nde5 29. Nxe5 Nxe5 30. Rxh6 Kd7 31. Rd6+ Ke8 32. Re6+ fxe6 33. Bd4 Nc4
34. f3 e5 35. Be3 Nxe3 36. fxe4 Rxc3 37. Ra8+ Kd7 38. Rg8 Ng4 39. g3 Rb3 40. h3
Rxg3+ 41. Kf1 Nf6 42. Rh8 Nxe4 43. b5 Rb3 44. Rb8 Nd6 45. b6 Rxh3 46. Rg8 Rf3+
47. Kg2 Rb3 48. Rxg5 Ke6 49. Rg6+ Kd5 50. Rf6 Rxb6 51. Kf3 e4+ 52. Ke3 Nc4+ 53.
Kf4 Rxf6+ 54. Kg5 Ke5 55. Kg4 e3 56. Kg5 e2 57. Kg4 e1=Q 58. Kh3 Qg1 59. Kh4
Rh6# 0-1

[Event "AUTO-INT-3521"]
[Site "http://www.queenalice.com/game.php?id=1606625"]
[Date "2020.4.8"]
[Round "1"]
[White "jw16js"]
[Black "Fuz_Berg"]
[Result "0-1"]
[WhiteElo "1550"]
[BlackElo "1237"]

1. e4 e5 2. Nf3 Nf6 3. Bd3 Bc5 4. Nc3 Ng4 5. O-O d6 6. Nd5 c6 7. Nc3 Qb6 8. Qe2
Bd4 9. Na4 Qc7 10. c3 Bb6 11. Bc4 c5 12. Ng5 f6 13. Nf3 f5 14. exf5 Bxf5 15. d4
Nc6 16. d5 Ne7 17. Bg5 Ng6 18. g3 O-O 19. Rab1 Bxb1 20. Rxb1 Rf5 21. Bd3 Rf7 22.
Bxg6 hxg6 23. h3 Qd7 24. b3 e4 25. Qxe4 Ne5 26. Nxe5 dxe5 27. Qxg6 Qf5 28. Qxf5
Rxf5 29. h4 Raf8 30. f4 exf4 31. gxf4 Rxd5 32. Kf1 Rd2 33. Ra1 Bd8 34. Nxc5 Bxg5
35. hxg5 Rxf4+ 36. Kg1 Rg4+ 37. Kf1 b6 38. Ne6 Kf7 39. Nd4 Rdg2 40. Ne2 Rxg5 41.
Rd1 R2g4 42. Ke1 Ra5 43. a4 Re4 44. Kd2 Rd5+ 45. Nd4 g5 46. Rf1+ Kg6 47. Kd3 Rf4
48. Re1 g4 49. Rg1 Kg5 50. b4 Rf3+ 51. Ke4 Rxd4+ 52. Kxd4 g3 53. c4 Kg4 54. c5
bxc5+ 55. bxc5 Rf4+ 56. Ke5 Rxa4 57. c6 Rc4 58. Kd5 Rc2 59. Kd6 Kf3 60. c7 Kf2
61. Rd1 g2 62. Kd7 g1=Q 63. Rxg1 Kxg1 64. c8=N Rxc8 65. Kxc8 a6 66. Kb7 a5 67.
Kb6 a4 68. Kb5 a3 69. Ka4 a2 70. Ka3 a1=Q+ 71. Kb3 Kf2 72. Kc2 Ke2 73. Kb3 Kd3
74. Kb4 Qc3+ 75. Kb5 Qc4+ 76. Ka5 Kd4 77. Kb6 Qc5+ 78. Kb7 Kd5 79. Ka6 Kd6 80.
Kb7 Qa5 81. Kc8 Kc6 82. Kb8 Qc7+ 0-1

[Event "Challenge"]
[Site "http://www.queenalice.com/game.php?id=1606650"]
[Date "2020.4.8"]
[Round "-"]
[White "Fuz_Berg"]
[Black "flanny"]
[Result "0-1"]
[WhiteElo "1235"]
[BlackElo "1801"]

1. e4 e5 2. Bc4 Qh4 3. Nc3 Bc5 4. g3 Qh6 5. d4 Qb6 6. Qf3 Nf6 7. Bg5 Bxd4 8.
Bxf6 gxf6 9. Rb1 Na6 10. Nd5 Qd6 11. Bxa6 bxa6 12. Nxf6+ Kd8 13. c3 Bb6 14. Nd5
Bb7 15. Rd1 Qe6 16. Nf6 d6 17. Nd5 c6 18. Nf6 Ke7 19. Ng4 Qxa2 20. Qf6+ Kd7 21.
Rxd6+ Kc8 22. Qf5+ Kb8 23. Qxe5 Rc8 24. Rd8+ Bc7 25. Rxc8+ Bxc8 26. Qh8 Qb1+ 27.
Ke2 Qxe4+ 28. Ne3 Qxh1 29. Qxh7 Qxg1 30. f4 Bb6 31. Nd1 Bg4+ 32. Kd3 Qxd1+ 33.
Kc4 Qd5+ 34. Kb4 Bc5+ 35. Ka4 Qa2# 0-1

[Event "Challenge"]
[Site "http://www.queenalice.com/game.php?id=1606652"]
[Date "2020.4.8"]
[Round "-"]
[White "crisvolei"]
[Black "Fuz_Berg"]
[Result "1-0"]
[WhiteElo "1711"]
[BlackElo "1242"]

1. e4 e5 2. Bc4 Bc5 3. Nh3 Nf6 4. d3 d6 5. Ng5 h6 6. Nxf7 Qd7 7. Nxh8 Kd8 8.
Nf7+ Ke7 9. f4 Nc6 10. c3 b6 11. Nh8 d5 12. Ng6+ Ke8 13. exd5 Ne7 14. Nxe5 Qf5
15. Bb5+ Kf8 16. g4 Qh7 17. f5 Nfxd5 18. Qf3 a6 19. Ng6+ Kg8 20. d4 axb5 21. a4
Kf7 22. dxc5 bxc5 23. Nxe7 Kxe7 24. Qxd5 Rxa4 25. Qxc5+ Kd7 26. Qxb5+ 1-0

[Event "AUTO-OPEN-4159"]
[Site "http://www.queenalice.com/game.php?id=1606800"]
[Date "2020.4.9"]
[Round "1"]
[White "OzzyOzPawn"]
[Black "Fuz_Berg"]
[Result "1-0"]
[WhiteElo "2053"]
[BlackElo "1246"]

1. e4 e5 2. Nf3 Nc6 3. Bc4 Bc5 4. Nc3 d6 5. O-O Bg4 6. d3 Nd4 7. Bxf7+ Kxf7 8.
Ng5+ Kg6 9. Qxg4 h6 10. Ne6+ Kf6 11. Nxd8 Rxd8 12. Nd5+ Kf7 13. c3 Nc2 14. Qf5+
Nf6 15. Rb1 1-0

[Event "AUTO-OPEN-4159"]
[Site "http://www.queenalice.com/game.php?id=1606801"]
[Date "2020.4.9"]
[Round "1"]
[White "Fuz_Berg"]
[Black "OzzyOzPawn"]
[Result "0-1"]
[WhiteElo "1244"]
[BlackElo "2055"]

1. e4 e5 2. Bc4 Nf6 3. d3 Nc6 4. Nc3 Na5 5. a3 Nxc4 6. dxc4 Bc5 7. b4 Bd4 8. Bd2
Nxe4 9. Nxe4 Qh4 10. c3 Qxe4+ 11. Kf1 Qd3+ 12. Ne2 Bxc3 13. Bxc3 Qxc4 14. Bxe5
d6 15. Bxg7 Rg8 16. Qd4 Qc6 17. Qe3+ Be6 18. Qh6 Bf5 19. Rc1 Qd5 20. f3 O-O-O
21. Nf4 Qd2 22. Nh5 Bd3+ 23. Kg1 Qe2 24. Nf4 Qe3# 0-1

[Event "AUTO-OPEN-4159"]
[Site "http://www.queenalice.com/game.php?id=1606812"]
[Date "2020.4.9"]
[Round "1"]
[White "clovis"]
[Black "Fuz_Berg"]
[Result "1-0"]
[WhiteElo "1987"]
[BlackElo "1290"]

1. e4 e5 2. Bc4 d6 3. Nf3 Nf6 4. Ng5 Qe7 5. Bxf7+ Kd7 6. Bb3 Kc6 7. Nc3 h6 8.
Nf7 Rh7 9. d3 Be6 10. Ba4+ Kb6 11. Qe2 c5 12. d4 a6 13. dxc5+ dxc5 14. Be3 Qxf7
15. b4 Nbd7 16. bxc5+ Bxc5 17. Bxd7 Nxd7 18. Rb1+ Kc6 19. O-O Bxa2 20. Rb2 g5
21. Nxa2 Ba3 22. Rb3 b5 23. Rxa3 Kc7 24. Nb4 a5 25. Qxb5 Qe6 26. Nd5+ Kd8 27.
Rxa5 Rb8 28. Qa6 Qxa6 29. Rxa6 Ke8 30. Rfa1 Nc5 31. Bxc5 1-0

[Event "AUTO-OPEN-4159"]
[Site "http://www.queenalice.com/game.php?id=1606813"]
[Date "2020.4.9"]
[Round "1"]
[White "Fuz_Berg"]
[Black "clovis"]
[Result "0-1"]
[WhiteElo "1266"]
[BlackElo "2004"]

1. e4 e5 2. Bc4 Nf6 3. d3 Bc5 4. Nf3 Nc6 5. Nc3 d6 6. Ng5 O-O 7. a3 h6 8. Nf3
Bg4 9. h3 Bh5 10. g4 Nxg4 11. hxg4 Bxg4 12. b4 Nd4 13. Ne2 Bxf3 14. Rh3 Bxe2 15.
Qd2 Bb6 16. Bd5 c6 17. Ba2 Nf3+ 18. Kxe2 Nxd2 19. Bxd2 d5 20. exd5 cxd5 21. c4
Qf6 22. Rf1 e4 23. cxd5 exd3+ 24. Kd1 Qa1+ 25. Bc1 Qxa2 26. Rxd3 Rac8 27. f4
Rxc1+ 28. Kxc1 Qa1+ 0-1

[Event "AUTO-INT-3522"]
[Site "http://www.queenalice.com/game.php?id=1606841"]
[Date "2020.4.10"]
[Round "1"]
[White "mike52"]
[Black "Fuz_Berg"]
[Result "0-1"]
[WhiteElo "1566"]
[BlackElo "1264"]

1. e4 e5 2. a3 Bc5 3. Nf3 d6 4. d3 Bg4 5. h3 Bxf3 6. Qxf3 f6 7. Qg4 g6 8. Qe6+
Qe7 9. Qd5 c6 10. Qb3 a6 11. a4 f5 12. exf5 gxf5 0-1

[Event "AUTO-INT-3522"]
[Site "http://www.queenalice.com/game.php?id=1606842"]
[Date "2020.4.10"]
[Round "1"]
[White "Fuz_Berg"]
[Black "mike52"]
[Result "0-1"]
[WhiteElo "1195"]
[BlackElo "1574"]

1. e4 e5 2. Bc4 Nf6 3. Nf3 Nxe4 4. g3 Bc5 5. Ke2 Nxf2 6. Qf1 Nxh1 7. Qxh1 f6 8.
d3 a6 9. h4 d6 10. Nc3 Bg4 11. a3 Nc6 12. b4 Bb6 0-1

[Event "AUTO-INT-3522"]
[Site "http://www.queenalice.com/game.php?id=1606853"]
[Date "2020.4.10"]
[Round "1"]
[White "kanibal"]
[Black "Fuz_Berg"]
[Result "1-0"]
[WhiteElo "1678"]
[BlackElo "1279"]

1. e4 e5 2. Nf3 Nc6 3. Bb5 f6 4. Bxc6 dxc6 5. O-O Bc5 6. Nc3 Nh6 7. d3 Ng4 8.
Be3 Bxe3 9. fxe3 Nxe3 10. Qe2 Ng4 11. h3 Nh6 12. Nh4 g5 13. Nf5 Nxf5 14. exf5
Bxf5 15. Rxf5 b5 16. Qf3 Rf8 17. Qxc6+ Kf7 18. Nd5 1-0

[Event "AUTO-INT-3522"]
[Site "http://www.queenalice.com/game.php?id=1606854"]
[Date "2020.4.10"]
[Round "1"]
[White "Fuz_Berg"]
[Black "kanibal"]
[Result "0-1"]
[WhiteElo "1277"]
[BlackElo "1680"]

1. e4 e5 2. Bc4 d6 3. Nf3 Bg4 4. h3 Bxf3 5. Qxf3 Nf6 6. d3 Be7 7. Bg5 O-O 8. Nc3
h6 9. Bxf6 Bxf6 10. g4 Nc6 11. O-O Nb4 12. Rfc1 c6 13. a3 Na6 14. b4 b5 15. Bb3
Bg5 16. Re1 Bd2 17. Re2 Bxc3 0-1

[Event "AUTO-INT-3522"]
[Site "http://www.queenalice.com/game.php?id=1606861"]
[Date "2020.4.10"]
[Round "1"]
[White "Fuz_Berg"]
[Black "krystian"]
[Result "0-1"]
[WhiteElo "1288"]
[BlackElo "1574"]

1. e4 e5 2. Bc4 Bc5 3. Nf3 Nf6 4. Nxe5 O-O 5. d3 d6 6. Nxf7 Rxf7 7. Bxf7+ Kxf7
8. Bg5 Nbd7 9. Nc3 c6 10. g4 Qb6 11. O-O Ne5 12. h3 Nfxg4 0-1

[Event "AUTO-INT-3522"]
[Site "http://www.queenalice.com/game.php?id=1606862"]
[Date "2020.4.10"]
[Round "1"]
[White "krystian"]
[Black "Fuz_Berg"]
[Result "1-0"]
[WhiteElo "1579"]
[BlackElo "1283"]

1. e4 e5 2. Nf3 Nc6 3. Bc4 h6 4. d4 d6 5. Nc3 Bg4 6. Nxe5 dxe5 7. Qxg4 a6 8. Qf5
f6 9. Qg6+ Kd7 10. Qf5+ Ke8 11. Be6 Nge7 12. Qg4 Nxd4 13. Rb1 1-0